[Event "IECG CP.2007.P.00073 email"]
[Site "IECG email"]
[Date "2007.10.01"]
[Round "?"]
[White "Bertel, Michael"]
[Black "Borges Netto, Alexandre V"]
[Result "1-0"]
[WhiteElo "1817"]
[BlackElo "1189"]
[PlyCount "53"]
[EventDate "2007.10.01"]
[EventType "tourn (corr)"]
[EventRounds "6"]
[SourceTitle "Corr 2011"]
[Source "ChessBase"]
[SourceDate "2010.08.31"]
[SourceVersion "1"]
[SourceVersionDate "2010.08.31"]
[SourceQuality "1"]

1. e4 Nf6 2. e5 Nd5 3. c4 Nb6 4. c5 Nd5 5. Nc3 e6 6. d4 b6 7. Nxd5 exd5 8. Nf3 Be7 9. Be3 0-0 10. Bd3 Ba6 11. 0-0 Bxd3 12. Qxd3 f6 13. Rac1 fxe5 14. dxe5 c6 15. b4 b5 16. a4 bxa4 17. Ra1 a5 18. b5 Qc8 19. Rfb1 Rxf3 20. gxf3 Qf8 21. Rxa4 Bxc5 22. Rf4 Qe7 23. bxc6 dxc6 24. Bxc5 Qxc5 25. Qf5 Na6 26. Rb7 Rf8 27. Rf7 1-0

[Event "IECG CE.2004.0.00069 email"]
[Site "IECG email"]
[Date "2004.03.24"]
[Round "?"]
[White "Borrell, Robert"]
[Black "Borges Netto, Alexandre V"]
[Result "1/2-1/2"]
[WhiteElo "1316"]
[BlackElo "1198"]
[PlyCount "33"]
[EventDate "2004.03.24"]
[EventType "tourn (corr)"]
[EventRounds "6"]
[SourceTitle "Corr 2008"]
[Source "ChessBase"]
[SourceDate "2008.06.24"]
[SourceVersion "1"]
[SourceVersionDate "2008.06.24"]
[SourceQuality "1"]

1. d4 Nf6 2. c4 e6 3. g3 d5 4. Bg2 b6 5. Nc3 Bb7 6. Nh3 c6 7. cxd5 exd5 8. 0-0 Be7 9. Bf4 0-0 10. Rc1 Na6 11. a3 Rc8 12. b4 Nc7 13. Qb3 Ne6 14. e3 Re8 15. Rc2 Ba6 16. Rfc1 Bc4 17. Qb2 1/2-1/2

[Event "CFriend SL-2003-0-00001 email"]
[Site "Chessfriend.com"]
[Date "2003.01.14"]
[Round "?"]
[White "Aguilar, Sebastian"]
[Black "Borges Netto, Alexandre V"]
[Result "1-0"]
[WhiteElo "1680"]
[BlackElo "1178"]
[PlyCount "49"]
[EventDate "2003.01.14"]
[EventType "tourn (corr)"]
[EventRounds "12"]
[SourceTitle "Corr 2008"]
[Source "ChessBase"]
[SourceDate "2008.06.24"]
[SourceVersion "1"]
[SourceVersionDate "2008.06.24"]
[SourceQuality "1"]

1. e4 e5 2. Nf3 Nc6 3. d4 exd4 4. Nxd4 Bc5 5. Nb3 Bb6 6. Nc3 Qh4 7. g3 Qf6 8. Qe2 Nge7 9. h4 h6 10. g4 Nd4 11. Nxd4 Bxd4 12. Bd2 d6 13. g5 Qe5 14. gxh6 gxh6 15. 0-0-0 a6 16. Kb1 Be6 17. f4 Qg7 18. f5 Bd7 19. Qc4 Nc6 20. Nd5 0-0-0 21. Bd3 Rhg8 22. c3 Ba7 23. Bc2 Rde8 24. Bf4 Bb8 25. f6 1-0

[Event "CFriend SL-2003-0-00001 email"]
[Site "Chessfriend.com"]
[Date "2003.01.14"]
[Round "?"]
[White "Borges Netto, Alexandre V"]
[Black "Kluge, Klaus"]
[Result "0-1"]
[WhiteElo "1197"]
[BlackElo "1359"]
[PlyCount "38"]
[EventDate "2003.01.14"]
[EventType "tourn (corr)"]
[EventRounds "12"]
[SourceTitle "Corr 2008"]
[Source "ChessBase"]
[SourceDate "2008.06.24"]
[SourceVersion "1"]
[SourceVersionDate "2008.06.24"]
[SourceQuality "1"]

1. c4 c5 2. Nf3 Nf6 3. Nc3 Nc6 4. d4 cxd4 5. Nxd4 g6 6. e4 d6 7. Nc2 Bg7 8. Be2 0-0 9. 0-0 Nd7 10. Bd2 Nc5 11. b4 Bxc3 12. Bxc3 Nxe4 13. Bb2 e5 14. Ba3 Bf5 15. Bd3 Qg5 16. Ne3 Nd4 17. h4 Qxh4 18. g4 Nc3 19. Nxf5 gxf5 0-1

[Event "CFriend SL-2003-0-00001 email"]
[Site "Chessfriend.com"]
[Date "2003.01.14"]
[Round "?"]
[White "Borges Netto, Alexandre V"]
[Black "Roberts, David Llewelyn"]
[Result "0-1"]
[WhiteElo "1178"]
[BlackElo "1329"]
[PlyCount "52"]
[EventDate "2003.01.14"]
[EventType "tourn (corr)"]
[EventRounds "12"]
[SourceTitle "Corr 2008"]
[Source "ChessBase"]
[SourceDate "2008.06.24"]
[SourceVersion "1"]
[SourceVersionDate "2008.06.24"]
[SourceQuality "1"]

1. e4 c5 2. Nf3 e6 3. d4 cxd4 4. Nxd4 a6 5. Bd3 Bc5 6. Nb3 Ba7 7. Nc3 d6 8. Qe2 Nc6 9. Be3 Nge7 10. 0-0-0 b5 11. Bxa7 Rxa7 12. Qe3 Rd7 13. f4 Qc7 14. f5 Ne5 15. fxe6 fxe6 16. Nd4 Qa7 17. Qg1 Rd8 18. Rf1 b4 19. Nce2 Bd7 20. Nxe6 Nxd3+ 21. cxd3 Rc8+ 22. Kb1 Qb7 23. Nxg7+ Kd8 24. Qd4 Rg8 25. Qxd6 Rc6 26. Qd4 Rg6 0-1

[Event "CFriend SL-2003-0-00001 email"]
[Site "Chessfriend.com"]
[Date "2003.01.14"]
[Round "?"]
[White "Borges Netto, Alexandre V"]
[Black "Zrinski, Scott A"]
[Result "1/2-1/2"]
[WhiteElo "1197"]
[BlackElo "1252"]
[PlyCount "39"]
[EventDate "2003.01.14"]
[EventType "tourn (corr)"]
[EventRounds "12"]
[SourceTitle "Corr 2008"]
[Source "ChessBase"]
[SourceDate "2008.06.24"]
[SourceVersion "1"]
[SourceVersionDate "2008.06.24"]
[SourceQuality "1"]

1. e4 c5 2. Nf3 Nc6 3. Bb5 e6 4. 0-0 Nge7 5. c3 a6 6. Ba4 b5 7. Bc2 Bb7 8. Qe2 d5 9. e5 d4 10. Be4 Qc7 11. d3 h6 12. Nbd2 g5 13. h3 Bg7 14. Nb3 Qb6 15. cxd4 cxd4 16. Bd2 0-0 17. Rac1 Nd5 18. Nc5 Rfd8 19. a3 Rab8 20. Rfe1 1/2-1/2

[Event "CFriend SL-2003-0-00001 email"]
[Site "Chessfriend.com"]
[Date "2003.01.14"]
[Round "?"]
[White "Bouma, Jan"]
[Black "Borges Netto, Alexandre V"]
[Result "1-0"]
[WhiteElo "1176"]
[BlackElo "1197"]
[PlyCount "41"]
[EventDate "2003.01.14"]
[EventType "tourn (corr)"]
[EventRounds "12"]
[SourceTitle "Corr 2008"]
[Source "ChessBase"]
[SourceDate "2008.06.24"]
[SourceVersion "1"]
[SourceVersionDate "2008.06.24"]
[SourceQuality "1"]

1. d4 Nf6 2. c4 e6 3. Nf3 d5 4. g3 dxc4 5. Bg2 Nc6 6. 0-0 Rb8 7. Nc3 b5 8. Ne5 Nxe5 9. dxe5 Nd7 10. Bc6 a6 11. Qd4 Bb7 12. Bg5 Be7 13. Bxe7 Qxe7 14. Bxb7 Rxb7 15. Rad1 Nb6 16. Qe4 c5 17. Qc6+ Kf8 18. Ne4 Rb8 19. Nxc5 Qe8 20. Qd6+ Kg8 21. Nxa6 1-0